000 00947nam a22002657a 4500
005 20170123162343.0
010 _aA-645411
020 _c40.00
035 _aA-645411
037 _bCen Lib/Ret
040 _aDPL
_bUR
082 _a230.1
_bم ح م
100 _aمحمّد دارا شکوہ
_9376
245 _aجوگ بہشت :
_bمحمّد دارا شکوہ ؛ مرتجم ابو الحسن
_cمنہاج السّالکین /
246 _aJog basht : manhaaj assalkain /
_bby Mohammad Dara Shikoh ; translated by Abul Hasan
260 _aپٹنہ
_bخدا بخش ورئیےنٹل پبلک لائبریری
_c1992
270 _bپٹنہ
300 _a322p.
_c21cm(Hb)
650 _a عیسائیت
_9129647
650 _a مسیحی الہیات
_9117512
650 _aChristianity
_93734
650 _a Christian theology
_9129648
700 _aابو الحسن
_9460
942 _2ddc
_cUR
_h230.1
_mم ح م
999 _c108702
_d108702